Julio Argentino Roca /

Se abocó al desarrollo de un poderoso Estado nacional. A partir de una campaña militar que exterminó gran parte de los pueblos originarios definió los límites del país. Consolidó el modelo económico agroexportador para una Argentina moderna y capitalista.

Guardado en:
Autor Principal: Santangelo, Pablo
Autor Corporativo: Canal Encuentro.
Formato: Deslizar
Publicado: Argentina, 2009
Series:Presidentes Argentinos - Disco 1
Materias:
Etiquetas: Agregar Etiqueta
Sin Etiquetas, Sea el primero en etiquetar este registro!
LEADER 01161ngm a22002895g 4500
001 CEM.cems023495
008 130507s2009##################0###0#####d
005 20250409160736.0
245 1 0 |a Julio Argentino Roca /  |c Pablo Santangelo. 
260 |a Argentina,  |c 2009 
300 |a 26'. 
490 0 |a Presidentes Argentinos - Disco 1 
520 |a Se abocó al desarrollo de un poderoso Estado nacional. A partir de una campaña militar que exterminó gran parte de los pueblos originarios definió los límites del país. Consolidó el modelo económico agroexportador para una Argentina moderna y capitalista. 
538 |a Soporte: DVD - Color: Si - Grabación DRD. 
590 |a Identificación anterior registrada en SIABUC: D118A. 
500 |a Consultar en ventanilla. 
100 1 |a Santangelo, Pablo 
710 2 |a Canal Encuentro. 
082 9 8 |/ SAN-1 
653 |a HISTORIA 
653 |a HISTORIA ARGENTINA 
653 |a PRESIDENTES ARGENTINOS 
653 |a ROCA 
653 |a CONQUISTA DEL DESIERTO 
653 |a CAMPAÑA AL DESIERTO 
653 |a SERIE DE TELEVISIÓN 
859 |a CEMS  |b BIB. CEMS - Depto. Recursos Didacticos  |h 982  |i SAN-1  |k DRD  |p 2138.15  |t Ej.1